000
00269nam a22001337a 4500
008
170529b xxu||||| |||| 00| 0 eng d
020
_a
0911213244
041
_a
eng
080
_a
94
100
_a
16
101
_a
SHH
245
_a
PANAMA
_c
BARRY,T
942
_2
udc
_c
BK
999
_c
14970
_d
14970